| 000 | 00369nam a2200145Ia 4500 | ||
|---|---|---|---|
| 008 | 241014s9999||||xx |||||||||||||| ||und|| | ||
| 020 | _a978-1-84860-034-8 | ||
| 060 | _aH62 S 2010 | ||
| 100 | _aSilverman,David | ||
| 245 | 0 | _aDoing Qualitative Research | |
| 260 |
_aLondon _bSage Publications _c2010 |
||
| 300 | _a455 | ||
| 650 | _aNursing Research | ||
| 942 |
_bION _cBK |
||
| 999 |
_c18368 _d18368 |
||